000
00283 a2200109 4500
001
64436
082
_a
344.07802642 CII
090
_c
38062
_d
38062
100
_a
Council of Islamic Ideology
245
_a
Final Report on Examination of Laws 1973
260
_a
Islamabad
_b
C.I.I
942
_a
NUST-CAE
_k
344.07802642 CII
999
_c
299509
_d
299509